000 00765cam a2200241 4500
001 agr68000141
003 DLC
005 20260227111029.0
008 691104s1968 dcua b 000 0 eng c
010 _aagr68000141
040 _aU.S. Nat'l Agr. Libr.
_cDLC
_dDLC
070 0 _aA423.9 F764 no. 110
100 1 _aOhman, John H.,
_d1931-
245 1 0 _aDecay and discoloration of sugar maple,
_cby John H. Ohman.
260 _a[Washington,
_bU.S. Govt. Print. Off.]
_c1968.
300 _afolder (8 p.)
_billus.
_c24 cm.
410 1 0 _aUnited States.
_bForest Service.
_tForest pest leaflet
_v110
500 _aCaption title.
504 _aBibliography: p. 6.
650 0 _aSugar maple
_xWounds and injuries.
650 3 _aAcer saccharum.
650 3 _aTrees
_xDecay.
999 _c12448
_d12448